LEADER 01265nam0-22003611i-450- 001 990002858700403321 010 $a88-204-9112-5 035 $a000285870 035 $aFED01000285870 035 $a(Aleph)000285870FED01 035 $a000285870 100 $a20000920d1995----km-y0itay50------ba 101 1 $aita$ceng 102 $aIT 200 1 $aCompetenza nel lavoro$emodelli per una performance superiore$fLyle M. Spencer, Signe M. Spencer$gtraduzione di Romano Gasperoni 210 $aMilano$cFrancoAngeli$dİ1995 215 $a336 p.$ctab., fig.$d22 cm 225 1 $aCompetenze$fcollana diretta da Franco Ratti$i2 320 $aContiene bibl. 454 1$12001$aCompetence at work. Models for superior performance$932673 610 0 $aOrganizzazione$aGestione delle risorse umane$aValorizzazione delle competenze 676 $a658.312 5$v21$zita 700 1$aSpencer,$bLyle M.$0116553 701 1$aSpencer,$bSigne M.$0116554 801 0$aIT$bUNINA$gRICA$2UNIMARC 901 $aBK 912 $a990002858700403321 952 $a3-5-38-TI$b5414 DEA$fECA 952 $a658.3125 SPE 1$b1186$fBFS 952 $a658.3125 SPE 1BIS$b1623$fBFS 959 $aBFS 996 $aCompetence at work. Models for superior performance$932673 997 $aUNINA LEADER 01534nam 2200385 450 001 9910132608203321 005 20240213180057.0 010 $a1-4123-6391-8 024 7 $a10.1522/030092497 035 $a(CKB)3680000000165559 035 $a(NjHacI)993680000000165559 035 $a(EXLCZ)993680000000165559 100 $a20240213d2008 uy 0 101 0 $afre 135 $aur||||||||||| 181 $ctxt$2rdacontent 182 $cc$2rdamedia 183 $acr$2rdacarrier 200 14$aLes femmes dans la ville et dans la sociologie urbaine $eles multiples facettes d'une me?me oppression /$fHuguette Dagenais 210 1$aChicoutimi :$cJ.-M. Tremblay,$d2008. 215 $a1 online resource (31 pages) 225 1 $aClassiques des sciences sociales ;$v3317 327 $aIntroduction -- Les conditions de vie des femmes dans les villes -- Une oppression patriarcale et capitaliste -- Une oppression commune et quotidienne -- Les luttes des femmes dans les villes -- Les femmes dans la sociologie urbaine -- Une pre?sence implicite seulement -- Des luttes ignore?es -- Bibliographie. 410 0$aClassiques des sciences sociales ;$v3317. 517 $afemmes dans la ville et dans la sociologie urbaine 606 $aTravel 615 0$aTravel. 676 $a910.202 700 $aDagenais$b Huguette$0856472 801 0$bNjHacI 801 1$bNjHacl 906 $aBOOK 912 $a9910132608203321 996 $aLes femmes dans la ville et dans la sociologie urbaine$94016691 997 $aUNINA